000 00570cam a2200145K 4500
082 0 4 _a951
_bSAY
100 1 _aLandor, Arnold Henry Savage,
_949998
245 1 0 _aChina and the allies
_cby A. Henry Savage Landor ... with illustrations and maps by the author.
260 _aLondon,
_bWilliam Heinemann,
_c1901.
300 _a1 online resource (2 v.)
_bfronts., illus., plates (part col.) maps, plans (1 double)
526 _a0
_b0
_c0
_d951_000000000000000_SAY
650 _aMCE
_9379
856 4 0 _uhttp://catalog.hathitrust.org/api/volumes/oclc/851479.html
942 _2ddc
_cBK
999 _c552734
_d552734